000 01026nam a2200277 a 4500
999 _c2165
_d2165
005 20200519111937.0
008 140304b1997 cl ||||| |||| 00| 0 spa d
040 _aCO-BoIAVH
_cCO-BoIAVH
041 _aspa
044 _acl
082 _a333.717
090 _aLB
_b01997
100 _aRomero, Claudia
_98956
111 _aSeminario Internacional de Capacitación en Investigación sobre Aprovechamiento Forestal de Impacto Reducido
_cSanta Cruz, Bolivia
_d1997
_914839
245 _aSeminario internacional de capacitación en investigación sobre aprovechamiento forestal de impacto reducido y manejo de bosques naturales
_bresultados
260 _aSanta Cruz
_bCIFOR
_bBOLFOR
_bFAO
_c1997
300 _a149
650 _aAprovechamiento forestal
_9103006
650 _aImpacto ambiental
_9103007
650 _aManejo forestal
_9103008
650 _aInvestigación científica
_9103009
700 _aPutz, Francis E.
_914842
700 _aHeinrich, Rudolf
_914843
700 _aMerlo, Froilán
_914844
942 _cLIBRO
_2z